Türk vergi hukukunda uzlaşma (Record no. 5446)

MARC details
000 -BAŞLIK
Sabit Uzunlukta Kontrol Alanı 00588na a2200217 4500
001 - KONTROL NUMARASI
Denetim Alanı 18444
003 - KONTROL NUMARASI IDENTIFIER
Denetim Alanı MIRAKIL
005 - SON İŞLEM TARİHİ VE ZAMANI
Denetim Alanı 20181213155036.0
008 - SABİT-BOY VERİ ELEMANLARI - GENEL BİLGİLER
Sabit Uzunlukta Kontrol Alanı 161118b tu 000 0
040 ## - KATALOGLAMA KAYNAK
Orijinal Kataloglama Ajansı Milas
Kataloglama Dili tur
Metne Dönüştürmek Ajansı TR-AnCHP
041 ## - DİL KODU
Metin / Ses Parça Veya Ayrı Başlığın Dil Kodu tur
082 ## - DEWEY ONLU SINIFLANDIRMA NUMARASI
Sınıflandırma Numarası 343.04
Ürün Numarası T96 2014
090 ## - SINIFLAMA NUMARASI
Sınıflama Numarası 343.04 T96 2014
245 ## - BAŞLIK TABLOSU
Başlık Türk vergi hukukunda uzlaşma
Sorumluluk Tablosu, Vb Hazırlayan Mustafa Şener
260 ## - YAYIN, DAĞITIM, VB
Yayın, Dağıtım, Vb Yeri Ankara
Yayıncı, Dağıtıcı, Vs Adı Vergi Müfettişleri Derneği
Yayın, Dağıtım, Vb Tarihi 2014
300 ## - FİZİKSEL TANIM
Kapsam 147 s.
Boyutlar 18 sm.
504 ## - KAYNAKÇA VB NOT
Kaynakça Vb Notu Kaynakça var.
650 ## - KONU KATMA GİRİŞ - TOPİKAL DÖNEM
Topikal Süreli Veya Coğrafi Ad Giriş Elemanı Vergi hukuku
Genel Alt Bölümü Uzlaşma
700 ## - KATMA GİRİŞ - KİŞİSEL İSİM
Kişisel Ad Şener, Mustafa
942 ## - EKLENDİ GİRİŞ ELEMANLARI (KOHA)
Sınıflandırma Veya Raf Düzeni Kaynak Dewey Decimal Classification
Koha Öğesi Türü Books
999 ## - SİSTEM KONTROL NUMARALARI (KOHA)
Koha Biblionumber 5446
Koha Biblioitemnumber 5446
Holdings
Kalıcı Konum Mevcut Konum Edinme Tarihi Edinim Kaynak Toplam Check-Out'Lar Tam Çağrı Numarası Barkod Tarih Son Görülme İtibaren Geçerli Fiyatlar Koha Öğesi Türü
CHP Kütüphanesi CHP Kütüphanesi 11/18/2016 Bağış   343.04 T96 2014 008768 11/18/2016 11/18/2016 Books